El monismo como nexo entre la religion y la ciencia (Record no. 155048)

MARC details
000 -LEADER
campo de control de longitud fija 00871nam a22001935i 4500
001 - NÚMERO DE CONTROL
campo de control 155048
003 - IDENTIFICADOR DE NÚMERO DE CONTROL
campo de control ES-MaACL
005 - FECHA Y HORA DE LA ÚLTIMA TRANSACCIÓN
campo de control 20230906205938.0
008 - DATOS DE LONGITUD FIJA--INFORMACIÓN GENERAL
campo de control de longitud fija 040720s1893 sp |||| | spa d
040 ## - FUENTE DE CATALOGACIÓN
Centro catalogador/agencia de origen CAM
Lengua de catalogación spa
Centro/agencia transcriptor CAM
100 0# - ENTRADA PRINCIPAL--NOMBRE DE PERSONA
Nombre de persona Haeckel, Ernst.
9 (RLIN) 187919
245 13 - MENCIÓN DEL TÍTULO
Título El monismo como nexo entre la religion y la ciencia
Resto del título : profesión de fe de un naturalista /
Mención de responsabilidad, etc. por Ernesto Haeckel ; versión española de M. Pino G. ; publicada por A. Machado Núñez.
260 ## - PUBLICACIÓN, DISTRIBUCIÓN, ETC.
Lugar de publicación, distribución, etc. Madrid :
Nombre del editor, distribuidor, etc. [s.n.],
Fecha de publicación, distribución, etc. 1893 (
Fabricante Imprenta de Fernando Cao y Domingo de Val)
300 ## - DESCRIPCIÓN FÍSICA
Extensión 46 p. ;
Dimensiones 23 cm.
650 04 - PUNTO DE ACCESO ADICIONAL DE MATERIA--TÉRMINO DE MATERIA
Término de materia o nombre geográfico como elemento de entrada Monismo.
9 (RLIN) 15169
700 1# - ENTRADA AGREGADA--NOMBRE PERSONAL
Nombre de persona Machado y Núñez, Antonio,
Fechas asociadas al nombre 1812-1896
9 (RLIN) 129286
852 ## - LOCALIZACIÓN
Ubicación ES-MaACL
Número de control de estantería T-689-F-3
Nota libre -- Enc. hol. conservando la cub. original
-- -- Enc. en un vol. facticio
-- .- Dedicatoria manuscrita de Antonio Machado y Nuñez
Holdings
Estatus retirado Estado de pérdida Estado de daño No para préstamo Colección Biblioteca de origen Biblioteca actual Ubicación en estantería Fecha de adquisición Total de préstamos Signatura topográfica completa Código de barras Visto por última vez Precio de reemplazo Tipo de ítem Koha
        Colección de folletos Biblioteca del Ateneo de Madrid Biblioteca del Ateneo de Madrid Depósito folletos 17/01/2008   T-689-F-3 1162188 23/02/2023 23/02/2023 Folleto